LEADER 01348nam0 22002651i 450 001 UON00397296 005 20231205104640.679 100 $a20110920d1814 |0itac50 ba 101 $afre 102 $aFR 140 $a||||||||| ||||||||| 200 1 $aDictionnaire de l'Académie Française revu corrigé et augmenté par l'Académie elle même - 5.me èdition - Paris : Bossange et Masson : Garnery : H. Nicolle, 1814 - 2 v. ; 27 cm. 606 $aDIZIONARI FRANCESI$3UONC065460$2FI 620 $aFR$dParis$3UONL002984 676 $a443$cFrancese. Dizionari della forma standard della lingua.$v21 710 02$aAcadémie Française$3UONV141692$0384310 712 $aBossange, Martin & Masson, Joseph-René$3UONV278542$4650 712 $aGarnéry$3UONV278490$4650 712 $aNicolle, Gabriel-Henry$3UONV278541$4650 801 $aIT$bSOL$c20241108$gRICA 899 $aSIBA - SISTEMA BIBLIOTECARIO DI ATENEO$2UONSI 912 $aUON00397296 950 $aSIBA - SISTEMA BIBLIOTECARIO DI ATENEO$dSI ANT B XIX 0001 $eSI MR 15487 7 0001 996 $aDictionnaire de l'Académie Française revu corrigé et augmenté par l'Académie elle même - 5.me èdition - Paris : Bossange et Masson : Garnery : H. Nicolle, 1814 - 2 v. ; 27 cm$91347614 997 $aUNIOR